| 000 | 00000nam##2200000za#4500 |
| 001 | 9.700281 |
| 003 | CaOODSP |
| 005 | 20210927150514 |
| 007 | cr ||||||||||| |
| 008 | 150407|2009||||xxc|||||o f|0| 0 eng|d |
| 040 | |aCaOODSP|beng |
| 043 | |an-cn--- |
| 086 | 1 |aR5-29/2009E-PDF |
| 110 | 1 |aCanada. |bIndian and Northern Affairs Canada. |
| 245 | 10|aImpact evaluation of the Income Assistance, National Child Benefit Reinvestment and Assisted Living programs : |h[electronic resource]|bfinal report / |c[prepared by] Evaluation, Performance Measurement and Review Branch. |
| 260 | |aOttawa - Ontario : |bIndian and Northern Affairs |cFebruary 10, 2009. |
| 300 | |a76p.|bgraphs, tables |
| 500 | |a"Project #0812"--Cover. |
| 590 | |a15-03-Supp|b2015-03-13 |
| 690 | 07|aIndigenous programs|2gcpds |
| 690 | 07|aIncome security|2gcpds |
| 775 | 08|tÉvaluation de l'incidence des programmes d'aide au revenu, de réinvestissement de la Prestation nationale pour enfants et d'aide à la vie autonome : |w(CaOODSP)9.644325 |
| 856 | 40|ahttp://publications.gc.ca|qPDF|s417 KB|uhttps://publications.gc.ca/collections/collection_2015/aadnc-aandc/R5-29-2009-eng.pdf |
| 986 | |aCIDM #2047152 |